| 000 | 00815 a2200265 4500 | ||
|---|---|---|---|
| 999 |
_c22986 _d9642 |
||
| 001 | 22986 | ||
| 003 | TR-AnTOB | ||
| 005 | 20190408215120.0 | ||
| 008 | 050112s1996 tu tur | ||
| 020 | _a975803006x | ||
| 040 |
_aTR-AnTOB _cTR-AnTOB |
||
| 041 | _atur | ||
| 050 |
_aE807.1.R48 _bW519 1996 |
||
| 090 | _aE807.1.R48 W519 1996 | ||
| 100 |
_aWinner, David _916585 |
||
| 245 | 0 |
_aEleanor Roosevelt : _bİnsan Hakları Evrensel Bildirge'nin öncüsü olan kadın / _cDavid Winner ; çev. Leyla Onat. |
|
| 264 | 1 |
_aAnkara : _bİlkkaynak Kültür ve Sanat Ürünleri, _c1996 |
|
| 300 |
_a64 p. : _bcol. ill. ; _c22 cm |
||
| 490 | 0 | _aİnsanlık Tarihine Yön Verenler : Eleanor Roosevelt | |
| 500 | _aIncludes index. | ||
| 600 | 1 | 0 |
_aRoosevelt, Eleanor, _d1884-1962 _953790 |
| 902 | _a*** | ||
| 942 |
_cBK _2lcc |
||